Štatistická ročenka 1986 okres Považská Bystrica

Guardado en:
Detalles Bibliográficos
Formato: Libro
Lenguaje:eslovaco
Publicado: Považská Bystrica Slovenský štatistický úrad 1986
Materias:
Etiquetas: Agregar Etiqueta
Sin Etiquetas, Sea el primero en etiquetar este registro!

MARC

LEADER 00000nam a2200000 4500
001 c104794
005 20260116110723.1
041 0 |a slo 
044 |a SK 
245 1 0 |a Štatistická ročenka 1986  |b okres Považská Bystrica 
264 1 |a Považská Bystrica  |b Slovenský štatistický úrad  |c 1986 
300 |a 223 s. 
610 2 0 |a Slovensko